00880cam a22002532 45000010005000000030008000050050017000130080041000300200015000710200022000860350018001080400037001260410008001630820020001711000026001912450111002172600032003283000026003604900056003865040042004426500061004847000025005458300056005704497BD-RjUL20211208233913.0131222s1982 enk b 001 0 eng d a0333294904 a0333294912 (pbk.) a(BD-RjUL)4532 aUIUcUIUdOCLdEQOdBD-RjULbeng aeng a347.6bALW 19821 aAlcock, Peter,d1951-10aWelfare law and order :cPete Alcock and Phil Harris.ba critical introduction to law for social workers / aLondon :bMacMillan,cc1982 axvi, 219 p. ;c22 cm.1 aCritical texts in social work and the welfare state aBibliography: p. [207]-213 and index. 0aSocial workersxLegal status, laws, etc.zGreat Britain.1 aHarris, Phil,d1949- 0aCritical texts in social work and the welfare state